000 00514nam a2200217Ia 4500
008 170918s9999 xx 000 0 und d
020 _a9780590922340
050 _bW521 1997
100 _aWest, Tracey
245 _aSpins a web :
245 _ba book about spiders /
245 _cTracey West.
260 _aNew York :
260 _bScholastic,
260 _c1997
300 _aunpaged :
300 _bcolored illustration ;
300 _c20cm.
440 _aThe magic school bus.
500 _a460
999 _c341376
_d341376